Statistics for NBA Retired Players Colleges

Click here to take the quiz!

General Stats

  • This quiz has been taken 20 times
  • The average score is 19 of 30

Answer Stats

Hint Answer % Correct
Rudy TomjanovichMichigan Wolverines
95%
Corey MaggetteDuke Blue Devils
89%
Dwyane WadeMarquette Golden Eagles
89%
Jason WilliamsFlorida Gators
89%
Paul PierceKansas Jayhawks
89%
Tim DuncanWake Forest Demon Deacons
84%
Larry JohnsonUNLV Runnin' Rebels
79%
Brandon RoyWashington Huskies
79%
Kiki VanDeWegheUCLA Bruins
79%
Derrick ColemanSyracuse Orange
74%
Mike BibbyArizona Wildcats
74%
Mark PriceGeorgia Tech Yellow Jackets
74%
Chauncey BillupsColorado Buffaloes
68%
Allan HoustonTennessee Volunteers
68%
Michael ReddOhio State Buckeyes
58%
Penny HardawayMemphis Tigers
58%
Joe JohnsonArkansas Razorbacks
47%
Fred BrownIowa Hawkeyes
42%
Danny GrangerNew Mexico Lobos
32%
Tim HardawayUTEP Miners
32%
Rolando BlackmanKansas State Wildcats
32%
Sam MitchellMercer Bears
5%
Derek FisherLittle Rock Trojans
5%
Jerry SloanEvansville Purple Aces
5%

Score Distribution

Percentile by Number Answered

Percent of People with Each Score

Your Score History

You have not taken this quiz